|
|
|
|
| LEADER |
01143nam a22002177a 4500 |
| 020 |
|
|
|a 81-7638-197-8
|
| 082 |
|
|
|a 801
|b AYY/A P0
|
| 100 |
|
|
|a അയ്യപ്പപണിക്ക൪ കെ
|9 323171
|
| 100 |
|
|
|a Ayyappa panicker K
|9 323172
|
| 240 |
|
|
|a Anthassannivesham
|
| 245 |
|
|
|a അന്തസ്സന്നിവേശം
|
| 250 |
|
|
|a Ist
|
| 260 |
|
|
|a Thiruvananthapuram;
|b Kerala Institute of Languages;
|c 2000
|
| 300 |
|
|
|a 155p.
|
| 650 |
|
|
|a മലയാളം; സാഹിത്യ സിദ്ധാന്തങ്ങള്
|9 323173
|
| 650 |
|
|
|a Malayalam; Literary Theory
|9 323174
|
| 942 |
|
|
|c BK
|
| 999 |
|
|
|c 47877
|d 47877
|
| 952 |
|
|
|0 0
|1 0
|4 0
|6 801_000000000000000_AYY_A_P0
|7 0
|8 Literary
|9 56349
|a MAL
|b MAL
|d 2016-02-18
|e GM895
|g 60.00
|l 0
|o 801 AYY/A P0
|p MALGM000895
|r 2016-02-18
|t 1
|w 2016-02-18
|y BK
|
| 952 |
|
|
|0 0
|1 0
|4 0
|6 801_000000000000000_AYY_A_P01
|7 0
|8 Literary
|9 56350
|a MAL
|b MAL
|d 2016-02-18
|e GM313
|g 60.00
|l 0
|o 801 AYY/A P0;1
|p MALGM000313
|r 2016-02-18
|t 2
|w 2016-02-18
|y BK
|
| 952 |
|
|
|0 0
|1 0
|4 0
|6 801_000000000000000_AYY_A_P02
|7 0
|8 Literary
|9 56351
|a MAL
|b MAL
|d 2016-02-18
|e 46189
|g 60.00
|l 0
|o 801 AYY/A P0;2
|p MAL046189
|r 2016-02-18
|t 3
|w 2016-02-18
|y BK
|